| 000 | 00531nam a22001817a 4500 | ||
|---|---|---|---|
| 003 | CEME | ||
| 005 | 20210628202110.0 | ||
| 008 | 210419b xxu||||| |||| 00| 0 eng d | ||
| 020 | _a0-07--67765-4 | ||
| 040 | _c. | ||
| 082 | _a621.381535 WAI'I | ||
| 100 |
_aKovn, G. P ,Wait, J. V ,Huelsman, L. P _958271 |
||
| 245 | _aIntroduction to operational amplifier theory and applications | ||
| 260 |
_aNEWYORK _bMCGRAW HILL _c1975 |
||
| 300 | _a396P | ||
| 650 |
_aOPERATUION AMPLIFIERS ELECTRONIC CIRCUITS _958272 |
||
| 942 |
_cBK _2ddc |
||
| 999 |
_c568467 _d568467 |
||